Southville International School and Colleges
Your cart is empty.
  • Cart
  • Lists
    Public lists Eva Luna New books Lux_list list_1
    Your lists Log in to create your own lists
  • Log in to your account
  • Your cookies
  • Search history
Southville International School and Colleges
  • Advanced search
  • Recent comments
  • Most popular
  • Libraries

Log in to your account

Log in with GOOGLE


If you do not have an external account, but do have a local account, you can still log in:

  1. Home
  2. MARC view: King of the Wind
Normal view MARC view ISBD view

King of the Wind (Record no. 8304)

[ view plain ]
MARC details
000 -LEADER
fixed length control field 00504nam a22001817a 4500
003 - CONTROL NUMBER IDENTIFIER
control field OSt
005 - DATE AND TIME OF LATEST TRANSACTION
control field 20151110131922.0
008 - FIXED-LENGTH DATA ELEMENTS--GENERAL INFORMATION
fixed length control field 121120t xxu||||| |||| 00| 0 eng d
020 ## - INTERNATIONAL STANDARD BOOK NUMBER
International Standard Book Number 9780590453165
050 ## - LIBRARY OF CONGRESS CALL NUMBER
Classification number F 12
Item number .H521 1948
082 ## - DEWEY DECIMAL CLASSIFICATION NUMBER
Classification number KF
Item number H39k 1948
245 ## - TITLE STATEMENT
Title King of the Wind
Remainder of title The Story of the Godolphin Arabian
Statement of responsibility, etc Marguerite Henry ; illustrated by: Wesley Dennis
260 ## - PUBLICATION, DISTRIBUTION, ETC. (IMPRINT)
Place of publication, distribution, etc New York
Name of publisher, distributor, etc Scholastic
Date of publication, distribution, etc c1948.
300 ## - PHYSICAL DESCRIPTION
Size of unit 19cm
Extent 192 p. :
562 ## - COPY AND VERSION IDENTIFICATION NOTE
Number of copies 1
942 ## - ADDED ENTRY ELEMENTS (KOHA)
Source of classification or shelving scheme Library of Congress Classification
Koha item type Books
Holdings
Withdrawn status Lost status Source of classification or shelving scheme Damaged status Home library Current library Shelving location Date acquired Total Checkouts Full call number Barcode Date last seen Copy number Price effective from Koha item type
    Library of Congress Classification   Luxembourg Library Luxembourg Library Kids Fiction Section 07/31/2013   F 12 .H521 1948 17041 07/01/2015 1 07/31/2013 Books
    Library of Congress Classification   Luxembourg Library Luxembourg Library Kids Fiction Section 07/31/2013   F 12 .H521 1948 2024 05/25/2015 1 07/31/2013 Books

King of the Wind

APA

(1948). King of the Wind. New York: Scholastic.

Chicago

1948. King of the Wind. New York: Scholastic.

Harvard

(1948). King of the Wind. New York: Scholastic.

MLA

King of the Wind. New York: Scholastic. 1948.

  • Place hold
  • Print
  • Cite
  • Add to your cart (remove)
  • Save record
    BIBTEX Dublin Core MARCXML MARC (non-Unicode/MARC-8) MARC (Unicode/UTF-8) MARC (Unicode/UTF-8, Standard) MODS (XML) RIS
  • More searches
    Search for this title in:
    Other Libraries (WorldCat) Other Databases (Google Scholar) Online Stores (Bookfinder.com) Open Library (openlibrary.org)

Exporting to Dublin Core...

SOUTHVILLE LIBRARY

Southville International School and Colleges Library

1281 Tropical Ave. Cor. Luxembourg St., BF Homes International, Las Pinas City

Tel. No. 8256374 / 252358 Loc. 117/146

Powered by Koha